000 01231cam a2200241 4500
001 ABS63776
008 000000n2001 000 0 eng u
035 _a(Sirsi) u111620
100 _aLockhead, G.
245 _aAsbestos repair/disposal: how to do it by the book
260 _c2001
490 _aFarmers' Weekly
_v134(11) 16 March 2001, 86(1)
520 _aConsiders the Asbestos (Prohibitions) (Amendments) Regulations, introduced in November 1999, which banned the sale of all asbestos products within the UK. Looks at the implications for asbestos cement, once widely used in farm buildings. The ban does not extend to asbestos cement in existing buildings, but does affect the repair, maintenance and demolition of buildings where it was used. Offers practical advice on how to deal appropriately with repairs, and the disposal of asbestos products. Also considers the cost of removing asbestos waste.
590 _aABS
650 _aMANAGEMENT-HEALTH AND SAFETY-HAZARDOUS SUBSTANCES-ASBESTOS
650 _aASBESTOS CEMENT
650 _aASBESTOS (PROHIBITIONS) (AMENDMENT) REGULATIONS 1999
650 _aDISPOSAL
650 _aREPAIRS
650 _aFARM BUILDINGS
690 _aRURAL
_96268
942 _n0
999 _c66511
_d66511